| 000 | 01021nam a2200325Ia 4500 | ||
|---|---|---|---|
| 001 | Para_9811 | ||
| 003 | CHAP | ||
| 008 | 220125s2010 xx 000 0 und d | ||
| 010 | _a208461 | ||
| 020 | _a978-607-10-5753-7 | ||
| 040 | _cCHAP | ||
| 082 | _aPA 001.42 H47 | ||
| 100 |
_aHernández Sampieri, Roberto _954596 |
||
| 245 |
_aMetodología de la investigación / _c Roberto Hernández Sampieri, Carlos Fernández Collado, Pilar Baptista Lucio |
||
| 250 | _a5 | ||
| 260 |
_aMéxico : _b Mc Graw Hill |
||
| 300 | _axl, 613 p / + CD | ||
| 500 | _aIncluye CD-ROM con material complementario | ||
| 650 |
_aInvestigación científica _9155570 |
||
| 650 |
_aMetodología de investigación _9174890 |
||
| 700 |
_aBaptista Lucio, Pilar,coautor _9174891 |
||
| 700 |
_aFernández Collado, Carlos, coautor _9174892 |
||
| 901 | _aPA 001.42 H47 | ||
| 902 | _aM | ||
| 905 | _a5232202010 an 8000000300 00 | ||
| 910 | _a2010 | ||
| 942 | _cPARA | ||
| 942 |
_cPARA _d1 |
||
| 999 |
_c208461 _d208461 |
||